Drafting symbol sourcebook

Bibliographic Details
Main Author: Wolff Doug
Format: Book
Published: New York : McGraw-Hill , 1999
Subjects:

MARC

LEADER 00000cam a2200000 7i4500
001 0000010601
005 20050427.0
020 |a 0070713324 
040 |a INS 
090 0 0 |a T353   |b W837 1999 
100 1 |a Wolff   |c Doug 
245 1 0 |a Drafting symbol sourcebook   |c Doug Wolff 
260 |a New York :   |b McGraw-Hill ,   |c 1999 
300 |a v :   |b 343p ;   |c 28cm. 
650 0 0 |a Mevhanical drawing   |x Notation 
650 0 0 |a Signs and symbols 
999 |a 0000009751   |b BOOK   |c Open Shelf   |e Default branch